| 000 | 01135cam a22003377a 4500 | ||
|---|---|---|---|
| 003 | CHAP | ||
| 005 | 20220329134043.0 | ||
| 008 | 971013s1968 r 00010 d | ||
| 010 | _a14720 | ||
| 011 | _a15692 | ||
| 035 | _a19768 | ||
| 040 | _cCHAP | ||
| 082 |
_a307 _bG6 |
||
| 100 | 0 | 0 |
_aGould, Julius. _950120 |
| 245 | 1 | 4 | _aThe teaching of the social science in higher technical education; an international survey |
| 260 |
_aParis : _bUNESCO, _c1968 |
||
| 300 | _a165 p | ||
| 490 | 0 | _aUNESCO. Teaching in the social sciences | |
| 590 |
_aBATCH-UPD _b10 _c20130110 _lUCH01 _h1205 |
||
| 590 |
_aBATCH-UPD _b10 _c20130410 _lUCH01 _h0746 |
||
| 590 |
_aBATCH-UPD _b10 _c20130914 _lUCH01 _h0937 |
||
| 590 |
_aCONVERSION _b10 _c20130109 _lUCH01 _h1309 |
||
| 650 | 1 | 4 |
_aCiencias sociales _xEstudio y enseñanza. _923222 |
| 650 | 1 | 4 |
_aEducación técnica. _935672 |
| 650 | 1 | 4 |
_aIngeniería _xEstudio y enseñanza. _958181 |
| 700 | 0 |
_aSmith, John Harold. _9107054 |
|
| 830 | 0 |
_aUNESCO. Teaching in the social sciences _9116158 |
|
| 901 | _aBK | ||
| 942 | _cLIBRO | ||
| 949 |
_a307 G6 _bBC _cLIBRO _d33724000289286 _eLIBRO _h28400 _i19768 _si _t63.60 |
||
| 999 |
_c14720 _d14720 |
||